000 00253nam a22001097a 4500
082 _aSHA
100 _aShaikh, Muhammad Uris
245 _aLinear Algebra and Numerical Methods
260 _aHyderabad:
_bJahangir Books,
300 _a187p. ;
942 _cBK
999 _c57354
_d57351